[Event "ZS"]
[Site "Brno CZE"]
[Date "2005.07.01"]
[Round "2"]
[White "Kovar,V"]
[Black "Groetz,H"]
[Result "0-1"]
[WhiteElo "2212"]
[BlackElo "2311"]

1.e4 c5 2.Nf3 e6 3.d4 cxd4 4.Nxd4 a6 5.Nc3 Qc7 6.g3 Nf6 7.Bg2 Nc6 8.O-O Bc5
9.Be3 Ne5 10.Qe2 Neg4 11.Rad1 Nxe3 12.Qxe3 e5 13.Qg5 exd4 14.e5 dxc3 15.Qxg7 Rf8
16.exf6 cxb2 17.Bd5 Qb6 18.Bb3 d5 19.Bxd5 Bd7 20.Rfe1+ Kd8 21.Be6 Qxe6 22.Rxe6 b1=Q
23.Rxb1 Bxe6 24.Qg5 b6 25.Rd1+ Kc8 26.a4 a5 27.Qe5 Rd8 28.Re1 Rd2 29.Re2 Rxe2
30.Qxe2 Ra7 31.Qe4 Rd7 32.Qa8+ Kc7 33.Qa7+ Kd6 34.Qb8+ Kd5 35.Kg2 Kc4 36.Qe5 Rd2
37.Qf4+ Kc3 38.Qe5+ Kxc2 39.Qe4+ Kb2 40.Qe5+ Kb3 41.g4 Rxf2+ 42.Kg3 Rc2 43.Kh4 Rc4
44.Qg3+ Kxa4 45.h3 b5 46.Qe1 b4 47.Qa1+ Kb5 48.Qb2 a4 49.Kg5 a3 50.Qb1 a2  0-1

[Event "International"]
[Site "Guelph CAN"]
[Date "2005.07.01"]
[Round "9"]
[White "Kogan,Ar"]
[Black "Stevens,C CAN"]
[Result "1-0"]
[WhiteElo "2580"]
[BlackElo "2319"]

1.e4 c5 2.Nf3 e6 3.Nc3 a6 4.d4 cxd4 5.Nxd4 Qc7 6.Bd3 Bc5 7.Nb3 Be7 8.f4 d6
9.a4 b6 10.O-O Nd7 11.Bd2 Ngf6 12.Qe2 Bb7 13.Rae1 g6 14.e5 Nh5 15.g4 Ng7
16.exd6 Bxd6 17.Ne4 Be7 18.Bc3 O-O 19.f5 exf5 20.gxf5 Nh5 21.Qe3 Ndf6 22.fxg6 fxg6
23.Ng5 Rae8 24.Qe6+ Kg7 25.Qc4  1-0

[Event "2nd RUS Pupils Summer Boys"]
[Site "Satka RUS"]
[Date "2005.07.01"]
[Round "5"]
[White "Chadaev,N"]
[Black "Popov,Iv RUS"]
[Result "1/2-1/2"]
[WhiteElo "2434"]
[BlackElo "2464"]

1.e4 c5 2.Nf3 e6 3.Nc3 a6 4.d4 cxd4 5.Nxd4 Nc6 6.Be2 Qc7 7.Be3 Nf6 8.O-O Be7
9.f4 d6 10.Kh1 O-O 11.Qe1 Nxd4 12.Bxd4 b5 13.Qg3 Bb7 14.Bf3 Rad8 15.a3 Bc6
16.Rad1 Qb7 17.Rfe1 Kh8 18.Rd3 Rg8 19.Qh3 a5 20.Nd5 exd5 21.exd5 Bxd5 22.Bxf6 Bxf6
23.Rxd5 Rge8 24.Rf1 h6 25.Qf5 Qc8 26.Qd3 Bxb2 27.Rxb5 Qc3 28.Qxc3 Bxc3 29.Rb7 f6
30.Rd1 d5 31.g3  1/2-1/2

[Event "4th Open"]
[Site "La Fere FRA"]
[Date "2005.07.02"]
[Round "1"]
[White "Philippe,C"]
[Black "Lalau,A"]
[Result "1-0"]
[WhiteElo "2411"]
[BlackElo "2019"]

1.e4 c5 2.Nf3 e6 3.d4 cxd4 4.Nxd4 a6 5.Nc3 Qc7 6.Be2 Nf6 7.O-O Nc6 8.Be3 b5
9.Nxc6 dxc6 10.a3 e5 11.f4 exf4 12.Bxf4 Qa7+ 13.Kh1 Be6 14.Bf3 Rd8 15.Qe1 Be7
16.e5 Nd5 17.Nxd5 Bxd5 18.Qg3 g5 19.Be3 Qb7 20.Bh5 h6 21.Rf2 O-O 22.h4 f5
23.hxg5 Bxg5 24.Bxg5 hxg5 25.Qxg5+ Qg7 26.Qxg7+ Kxg7 27.Bf3 Kg6 28.Re1 Rfe8
29.Kg1 Kg5 30.b3 c5 31.Rd2 Bxf3 32.Rxd8 Rxd8 33.gxf3 Re8 34.Kf2 Re6 35.Rd1 Kf4
36.Rd6 Kxe5 37.Rd8 Rd6 38.f4+ Kd5 39.c4+ Ke6 40.Re8+ Kf6 41.Rc8 bxc4 42.bxc4 Rd4
43.Rc6+ Ke7 44.Rxc5 Rxf4+ 45.Ke3 Rh4 46.a4 Kd6 47.Rd5+ Kc6 48.Kd3 Rh3+ 49.Kd4 Ra3
50.Rxf5 Rxa4 51.Rf6+ Kd7 52.Kd5 Ra2 53.Rf7+ Kd8 54.Kc6 Rh2 55.Rf8+ Ke7 56.Ra8 Rh6+
57.Kc7 Rd6 58.c5 Rd7+ 59.Kc6 Rd2 60.Rxa6 Rc2 61.Ra8 Rc1 62.Rh8 Rc2 63.Rh1 Kd8
64.Rh8+ Ke7 65.Rc8 Rc1 66.Kb7 Rb1+ 67.Kc7 Rh1 68.c6 Rc1 69.Rh8 Rc2 70.Rh1 Ke6
71.Rd1 Ke7 72.Re1+ Kf7 73.Kd7 Rd2+ 74.Kc8 Rc2 75.c7 Rc3  1-0

[Event "VISUS Open"]
[Site "Prague CZE"]
[Date "2005.07.02"]
[Round "1"]
[White "Boehm,To"]
[Black "Voloshin,L"]
[Result "0-1"]
[WhiteElo "2113"]
[BlackElo "2477"]

1.e4 c5 2.Nf3 e6 3.d4 cxd4 4.Nxd4 a6 5.Nc3 b5 6.Bd3 Qc7 7.O-O Nf6 8.Qe2 Bd6
9.h3 Nc6 10.Nxc6 dxc6 11.f4 e5 12.f5 h5 13.Be3 Bb7 14.a4 h4 15.Rfe1 Be7 16.Kh2 Rc8
17.b3 Nd7 18.Qf2 Bb4 19.Bd2 Bc5 20.Qf3 Qb6 21.Rf1 Be7 22.Rab1 Qd8 23.Nd1 Bg5
24.Bc3 Bf4+ 25.Kg1 Qg5 26.Qg4 Qxg4 27.hxg4 Nf6 28.Nf2 Be3 29.Rfe1 Bf4 30.Be2 O-O
31.Bf3 c5 32.Nd3 Bg3 33.Re2 c4 34.Nb4 cxb3 35.Rxb3 bxa4 36.Ra3 Rc4 37.Nd5 Bxd5
38.exd5 e4 39.Bxf6 exf3 40.gxf3 gxf6  0-1

[Event "ch-BEL"]
[Site "Aalst BEL"]
[Date "2005.07.03"]
[Round "2"]
[White "Saiboulatov,D"]
[Black "Motwani,P"]
[Result "0-1"]
[WhiteElo "2401"]
[BlackElo "2503"]

1.e4 c5 2.Nf3 e6 3.d4 cxd4 4.Nxd4 a6 5.Nc3 Qc7 6.g3 Bb4 7.Ne2 Nf6 8.Bg2 Be7
9.O-O Nc6 10.a4 O-O 11.b3 b6 12.Bb2 Bb7 13.Nf4 Rac8 14.Nd3 Rfd8 15.Re1 d6
16.f4 d5 17.e5 Ne4 18.Ne2 b5 19.Kf1 bxa4 20.Rxa4 a5 21.Bd4 Nxd4 22.Nxd4 Nc3
23.Qg4 Nxa4 24.bxa4 Qb6 25.f5 Rc4 26.f6 Bf8 27.fxg7 Bb4 28.Be4 dxe4 29.Nf4 Rcxd4
30.Nh5 Be7  0-1

[Event "4th Open"]
[Site "La Fere FRA"]
[Date "2005.07.03"]
[Round "2"]
[White "Slingerland,F"]
[Black "Velikov,P"]
[Result "1-0"]
[WhiteElo "2259"]
[BlackElo "2422"]

1.e4 c5 2.Nf3 e6 3.d4 cxd4 4.Nxd4 a6 5.Nc3 Qc7 6.Be2 b5 7.Be3 Bb7 8.O-O Nf6
9.f3 Nc6 10.Nxc6 Bxc6 11.a4 b4 12.Na2 Bd6 13.h3 Nh5 14.Bf2 O-O 15.Qd2 a5
16.Bb5 Bxb5 17.axb5 Rfb8 18.Rfd1 Bh2+ 19.Kh1 Ng3+ 20.Bxg3 Bxg3 21.c3 b3 22.Nc1 Rxb5
23.Qxd7 Qb6 24.Ne2 Bc7 25.Qd4 Qb8 26.Qc4 Qb6 27.Ra3 Rb8 28.Rd7 Bd6 29.Ra1 Bf8
30.Qd4 Rc5 31.Nc1 Qc6 32.Nd3 Rg5 33.f4 Rh5 34.Ne5 Qb5 35.c4 Qa6 36.Ra7 Qd6
37.Qxd6 Bxd6 38.R1xa5 Bxe5 39.Rxe5 Rxe5 40.fxe5  1-0

[Event "ch-SCO"]
[Site "Oban SCO"]
[Date "2005.07.04"]
[Round "3"]
[White "Spencer,E"]
[Black "Pritchett,C"]
[Result "0-1"]
[WhiteElo "2204"]
[BlackElo "2288"]

1.e4 c5 2.Nf3 e6 3.d4 cxd4 4.Nxd4 a6 5.Nc3 Qc7 6.Be3 Bb4 7.Qd3 Nf6 8.f3 d5
9.exd5 Nxd5 10.Bd2 Nxc3 11.bxc3 Bd6 12.Qe3 O-O 13.Bd3 Nd7 14.Qg5 Nc5 15.Be2 Bd7
16.Rb1 f6 17.Qh4 Rac8 18.O-O e5 19.Nb3 Bf5 20.Rfc1 Rfd8 21.c4 Nxb3 22.Rxb3 Bc5+
23.Be3 Bxe3+ 24.Rxe3 Qa5 25.Rb3 Rc7 26.Rcb1 Bxc2 27.Rxb7 Bxb1 28.Rxb1 Qxa2
29.Qe4 f5 30.Qxf5 Qxe2 31.Qe6+ Kf8 32.Qf5+ Rf7 33.Qxh7 Rd1+ 34.Rxd1 Qxd1+
35.Kf2 Qd4+ 36.Kg3 Qf4+ 37.Kf2 Qxc4 38.Qh8+ Ke7 39.Qb8 Qd4+ 40.Ke2 Qc4+  0-1

[Event "ch-BEL"]
[Site "Aalst BEL"]
[Date "2005.07.05"]
[Round "4"]
[White "Maenhout,T"]
[Black "Motwani,P"]
[Result "1-0"]
[WhiteElo "2150"]
[BlackElo "2503"]

1.e4 c5 2.Nf3 e6 3.d4 cxd4 4.Nxd4 a6 5.Nc3 b5 6.Bd3 Bc5 7.Nb3 Be7 8.O-O Nc6
9.f4 d6 10.Qf3 Bb7 11.Bd2 Qc7 12.Rae1 Nf6 13.a3 b4 14.axb4 Nxb4 15.Nb5 axb5
16.Bxb4 O-O 17.Kh1 Ra2 18.Nd4 Rxb2 19.Ba3 Ra2 20.Nxb5 Qd7 21.Qh3 d5 22.Bxe7 Qxe7
23.exd5 Bxd5 24.Nc3 Ra5 25.Re5 g6 26.Rfe1 Qb4 27.Nxd5 Nxd5 28.R5e4 Qc3 29.Qg3 Rfa8
30.h3 Ra1 31.Rxa1 Rxa1+ 32.Kh2 Qd2 33.f5 exf5 34.Re8+ Kg7 35.Qe5+ Nf6 36.Qxa1  1-0

[Event "Skanska"]
[Site "Brno CZE"]
[Date "2005.07.05"]
[Round "6"]
[White "Garbisu de Goni,U"]
[Black "Laznicka,V"]
[Result "0-1"]
[WhiteElo "2455"]
[BlackElo "2480"]

1.e4 c5 2.Nf3 e6 3.d4 cxd4 4.Nxd4 a6 5.Nc3 Qc7 6.Bd3 Nc6 7.Be3 Nf6 8.O-O Ne5
9.h3 Bc5 10.Qd2 d6 11.f4 Ng6 12.Nb3 Bxe3+ 13.Qxe3 O-O 14.a4 b6 15.Nd2 Rb8
16.Nc4 Rd8 17.a5 b5 18.Nb6 Nd7 19.Nxc8 Rbxc8 20.Kh1 Qc5 21.Qg3 Nf6 22.f5 Qe5
23.Qf2 Ne7 24.fxe6 fxe6 25.Rae1 Nc6 26.Qb6 Nb4 27.Rf3 d5 28.Qf2 d4 29.Nb1 Rc7
30.Na3 Nc6 31.Qd2 Rf7 32.Qf4 Qxf4 33.Rxf4 Nd7 34.Rxf7 Kxf7 35.Nb1 Nde5 36.Kg1 Nxa5
37.Nd2 Nac6 38.Nf3 Nxf3+ 39.gxf3 g5 40.e5 h6 41.Ra1 Nxe5 42.Rxa6 Nxf3+ 43.Kf2 Ne5
44.Bxb5 d3 45.cxd3 Nxd3+ 46.Kg3 Nxb2 47.h4 Nd3 48.hxg5 hxg5 49.Bc4 Nf4 50.Ba2 Kf6
51.Kf3 Rd1 52.Rb6 Rd4 53.Kg3 Nd5 54.Rb8 Ne7 55.Rf8+ Ke5 56.Re8 Nf5+ 57.Kf3 g4+
58.Ke2 Rd6 59.Bc4 Kf4 60.Rf8 e5 61.Bg8 Rh6 62.Rf7 Rh2+ 63.Kf1 Kg5 64.Bh7 Ne3+
65.Kg1 Rg2+ 66.Kh1 Rb2 67.Be4 Re2  0-1

[Event "34th TCh-GRE"]
[Site "Ermioni Argolidas GRE"]
[Date "2005.07.05"]
[Round "2"]
[White "Volokitin,And"]
[Black "Vouldis,A"]
[Result "1-0"]
[WhiteElo "2671"]
[BlackElo "2524"]

1.e4 c5 2.Nf3 e6 3.d4 cxd4 4.Nxd4 a6 5.Nc3 Qc7 6.Bd3 Nc6 7.Nxc6 dxc6 8.O-O Nf6
9.f4 e5 10.Kh1 Bd6 11.f5 Bc5 12.Qf3 h5 13.Qg3 Qe7 14.Bg5 Bd7 15.Bh4 Rg8 16.Nb1 Bb6
17.Nd2 O-O-O 18.Nc4 Bc7 19.Qf3 Kb8 20.a4 Rh8 21.a5 c5 22.Ne3 Bc6 23.Bc4 Rd4
24.Bd5 Qd7 25.Bxf6 gxf6 26.Rfd1 Bxd5 27.Nxd5 Qb5 28.b3 c4 29.b4 c3 30.Qxc3 Bd6
31.Qf3 Qc4 32.c3 Rxd1+ 33.Rxd1  1-0

[Event "DMP 1st League"]
[Site "Koszalin POL"]
[Date "2005.07.05"]
[Round "1"]
[White "Mlodzinska,I"]
[Black "Gasik,An"]
[Result "0-1"]
[WhiteElo "1916"]
[BlackElo "2082"]

1.e4 c5 2.Nf3 e6 3.d4 cxd4 4.Nxd4 a6 5.Nc3 Qc7 6.Be3 Nf6 7.f3 Bb4 8.Qd2 d5
9.Bg5 e5 10.exd5 exd4 11.Qxd4 Bc5 12.Qd2 Qe5+ 13.Be2 b5 14.O-O-O O-O 15.Bf4 Qe8
16.Bd3 b4 17.Ne4 Nxe4 18.fxe4 Nd7 19.Qe2 Ne5 20.h3 Bd6 21.Bd2 a5 22.g4 a4
23.Kb1 b3 24.Bc3 bxc2+ 25.Bxc2 a3 26.b3 Ba6 27.Qg2 Rc8 28.Ba1 Qe7 29.h4 Rc7
30.Rd2 Rfc8 31.g5 Rxc2 32.Rxc2 Rxc2 33.Kxc2 Nd3 34.Kb1 Nf4 35.Qd2 Qxe4+  0-1

[Event "DMP 1st League"]
[Site "Koszalin POL"]
[Date "2005.07.05"]
[Round "1"]
[White "Dragun,K"]
[Black "Sadzikowski,D"]
[Result "0-1"]
[WhiteElo "1844"]
[BlackElo "2032"]

1.e4 c5 2.Nf3 e6 3.Nc3 a6 4.d4 cxd4 5.Nxd4 Qc7 6.Be2 b5 7.a3 Bb7 8.O-O Nf6
9.Bd3 Be7 10.Be3 d5 11.exd5 Nxd5 12.Nxd5 Bxd5 13.Qg4 O-O 14.f4 Bf6 15.Qh5 g6
16.Qg4 Nc6 17.Nxc6 Qxc6 18.c3 Rfe8 19.Rae1 Rad8 20.Bc2 a5 21.Rf2 Bg7 22.Qe2 Bc4
23.Qf3 Qxf3 24.Rxf3 a4 25.Rf2 e5 26.Bb6 exf4 27.Rb1 Rd6 28.Bc7 Rde6 29.h4 Re2
30.Rxe2 Rxe2 31.Bd1 Re1+ 32.Kf2 Rf1+  0-1

[Event "DDS League"]
[Site "Dvorovi BIH"]
[Date "2005.07.06"]
[Round "5"]
[White "Elez,S"]
[Black "Tomic,Bos"]
[Result "0-1"]
[WhiteElo "2188"]
[BlackElo "2302"]

1.e4 c5 2.Nf3 e6 3.d4 cxd4 4.Nxd4 a6 5.Nc3 Qc7 6.Be2 Nf6 7.Bg5 Be7 8.O-O d6
9.Qd3 b5 10.f4 Nbd7 11.b4 Bb7 12.Bf3 Rc8 13.Nce2 h6 14.Bh4 g5 15.fxg5 hxg5
16.Bxg5 d5 17.exd5 Qxh2+ 18.Kf2 Ne5 19.Qd2 Nxf3 20.Nxf3 Ne4+  0-1

[Event "Open A"]
[Site "Klatovy CZE"]
[Date "2005.07.06"]
[Round "5"]
[White "Cmiko,J"]
[Black "Forman,M"]
[Result "1/2-1/2"]
[WhiteElo "2093"]
[BlackElo "2048"]

1.e4 c5 2.Nf3 e6 3.d4 cxd4 4.Nxd4 a6 5.Nc3 d6 6.a4 b6 7.Be2 Bb7 8.Be3 Nf6
9.Bd3 Nbd7 10.O-O Be7 11.Kh1 O-O 12.f4 Nc5 13.Qf3 Nfd7 14.Qg3 Bf6 15.Rad1 Rc8
16.f5 Qe7 17.Qh3 Ne5 18.Rf2 d5 19.fxe6 Nexd3 20.exf7+ Qxf7  1/2-1/2

[Event "Open A"]
[Site "Klatovy CZE"]
[Date "2005.07.06"]
[Round "5"]
[White "Hlavnicka,Ja"]
[Black "Palkova,H"]
[Result "0-1"]
[WhiteElo "2021"]
[BlackElo "2020"]

1.e4 c5 2.Nf3 e6 3.d4 cxd4 4.Nxd4 a6 5.Nc3 Qc7 6.g3 b5 7.Bg2 Bb7 8.O-O d6
9.f4 Nd7 10.a3 Ngf6 11.Qe2 Rc8 12.Bd2 Qc4 13.Be3 Qxe2 14.Ndxe2 Nc5 15.Bxc5 Rxc5
16.Rae1 Be7 17.Nc1 Nd7 18.Nd3 Rc7 19.e5 Bxg2 20.Kxg2 O-O 21.Rf2 dxe5 22.Nxe5 Nxe5
23.Rxe5 Bf6 24.Ree2 Bxc3 25.bxc3 Rxc3 26.Rf3 Rfc8 27.Rd3 Rxd3 28.cxd3 Rc3
29.a4 bxa4 30.Rd2 a3 31.d4 Rb3 32.Kh3 Kf8 33.Rc2 Rb4 34.Ra2 Ra4 35.Kg4 Ke7
36.Kf3 Kd6 37.Ke4 Kc6 38.Kd3 Kb5 39.Kc3 Rc4+ 40.Kd3 Kb4 41.Ra1 Rc3+ 42.Kd2 Rb3  0-1

[Event "2nd RUS Pupils Summer Boys"]
[Site "Satka RUS"]
[Date "2005.07.06"]
[Round "9"]
[White "Chadaev,N"]
[Black "Papin,V"]
[Result "1/2-1/2"]
[WhiteElo "2434"]
[BlackElo "2440"]

1.e4 c5 2.Nf3 e6 3.Nc3 a6 4.d4 cxd4 5.Nxd4 b5 6.Bd3 Qb6 7.Nb3 Qc7 8.O-O Bb7
9.Qe2 b4 10.Nb1 Nc6 11.Be3 d6 12.N1d2 Nf6 13.Nc4 Nd7 14.a3 Be7 15.axb4 Nxb4
16.Nca5 O-O 17.Nxb7 Nxd3 18.Qxd3 Ne5 19.Qe2 Qxb7 20.Bd4 Bf6 21.Rfd1 Rfc8
22.Bc3 Qc6 23.h3 h6 24.Na5 Qb5 25.Qe3 Nd7 26.Rxd6 Bxc3 27.bxc3 Qb2 28.Rad1 Rxc3
29.Qd4 Nf6 30.Nc4 Qb4 31.Ne3 Qxd4 32.R6xd4 e5  1/2-1/2

[Event "DMP 1st League"]
[Site "Koszalin POL"]
[Date "2005.07.07"]
[Round "4"]
[White "Wieczorek,O"]
[Black "Sadzikowski,D"]
[Result "1/2-1/2"]
[WhiteElo "2033"]
[BlackElo "2032"]

1.e4 c5 2.Nf3 e6 3.d4 cxd4 4.Nxd4 a6 5.Nc3 b5 6.Bd3 Bb7 7.O-O Qc7 8.Qe2 Nc6
9.Nb3 Nf6 10.f4 d6 11.Bd2 Be7 12.Rae1 O-O 13.Rf3 Rfd8 14.Rh3 g6 15.Nd1 e5
16.f5 d5 17.exd5 Nxd5 18.Rf1 Nf6 19.fxg6 fxg6 20.Nf2 Nd4 21.Nxd4 Rxd4 22.Bc3 Rd5
23.Ne4 Nxe4 24.Bxe4 Rd7 25.Bxb7 Qc5+ 26.Kh1 Rxb7 27.Qxe5 Qxe5 28.Bxe5 Rd7
29.Rd3 Rad8 30.Rfd1 Rxd3 31.Rxd3 Rxd3 32.cxd3 Kf7 33.Kg1 Ke6 34.Bc3 Bc5+
35.Kf1 Kd5 36.Ke2 Bd6 37.h3 Bf4 38.Kf3 Bh6 39.g4 Bg5 40.Kg3 Be3 41.h4 Bh6
42.h5 Bg5 43.Kf3 Bc1 44.Ke2 Bg5 45.Bd2 Bf6 46.Bc3 Bg5 47.Kd1 Bf4 48.hxg6 hxg6
49.Kc2 Bd6 50.Kb3 Bc5 51.a4 Bd6 52.axb5 axb5 53.Bb4 Bc7 54.Bf8 Ba5 55.Bg7 Kc5
56.Bc3 Bd8 57.Bd2 Bf6 58.Bc3 Bd8 59.d4+ Kc6 60.Kb4 g5 61.Bd2 Bf6 62.Bc3 Be7+
63.Ka5 Bd8+ 64.Ka6 Be7 65.d5+ Kxd5 66.Kxb5 Ke4 67.Kc6 Kf3 68.Kd7 Bf8 69.Ke6 Kxg4
70.Bd2 Kh4 71.b4 Bxb4 72.Bxg5+  1/2-1/2

[Event "20th North Sea Cup"]
[Site "Esbjerg DEN"]
[Date "2005.07.08"]
[Round "8"]
[White "Hartvig,O"]
[Black "Kalinitschew,S"]
[Result "0-1"]
[WhiteElo "2231"]
[BlackElo "2478"]

1.e4 c5 2.Nf3 e6 3.d4 cxd4 4.Nxd4 a6 5.Nc3 b5 6.g3 Bb7 7.Bg2 b4 8.Na4 Nf6
9.Qe2 d5 10.exd5 Bxd5 11.Bxd5 Qxd5 12.Nf3 Qb5 13.b3 Nbd7 14.c4 bxc3 15.Qxb5 axb5
16.Nxc3 b4 17.Na4 Nc5 18.Nxc5 Bxc5 19.Bb2 O-O 20.O-O Ra5 21.Rfc1 Rfa8 22.Rc2 Nd5
23.Bd4 Bf8 24.Ne5 g5 25.Nc4 R5a6 26.Kg2 Bg7 27.Bxg7 Kxg7 28.h3 h5 29.Kf3 f5
30.Ne3 g4+ 31.hxg4 hxg4+ 32.Kg2 Nxe3+ 33.fxe3 Kf6 34.Kf2 Rh8 35.Kg2 Rha8
36.Kf2 Ra5 37.Kg2 Ra3 38.Rb2 Ke5 39.Kf2 Ke4 40.Ke2 Rh8 41.Rf1 Rh2+ 42.Rf2 Rxf2+
43.Kxf2 Kd3  0-1

[Event "DMP 1st League"]
[Site "Koszalin POL"]
[Date "2005.07.08"]
[Round "5"]
[White "Hermanowicz,D"]
[Black "Kozak,Ma"]
[Result "0-1"]
[WhiteElo "2079"]
[BlackElo "2171"]

1.e4 c5 2.Nf3 e6 3.d4 cxd4 4.Nxd4 a6 5.Nc3 Qc7 6.Be2 Nf6 7.O-O Nc6 8.a4 Bb4
9.Qd3 Bxc3 10.bxc3 O-O 11.f4 e5 12.Nf5 d5 13.fxe5 Nxe4 14.Ba3 Nxe5 15.Qxd5 Nxc3
16.Qd2 Rd8 17.Qe3 Be6 18.Rae1 Nxe2+ 19.Rxe2 Ng4 20.Ne7+ Kh8  0-1

[Event "4th Open"]
[Site "La Fere FRA"]
[Date "2005.07.08"]
[Round "9"]
[White "Genov,Peta"]
[Black "Meijers,V"]
[Result "0-1"]
[WhiteElo "2469"]
[BlackElo "2479"]

1.e4 c5 2.Nf3 e6 3.d4 cxd4 4.Nxd4 a6 5.Nc3 b5 6.Be3 Bb7 7.f3 Qc7 8.Qd2 Nf6
9.O-O-O b4 10.Nce2 d5 11.e5 Nfd7 12.f4 g6 13.Kb1 h5 14.Nf3 Nc6 15.Ned4 Be7
16.Nxc6 Bxc6 17.Nd4 Bb5 18.Bd3 Bc5 19.c3 bxc3 20.Qxc3 Bxd3+ 21.Qxd3 Qb6 22.Rhe1 O-O
23.Re2 Rfc8 24.Ka1 Rc7 25.g3 Rac8 26.Rc2 Bxd4 27.Bxd4 Rxc2 28.Bxb6 Rc1+  0-1

[Event "Open"]
[Site "Barbera del Valles ESP"]
[Date "2005.07.09"]
[Round "6"]
[White "Rios,Al"]
[Black "Bellet,G"]
[Result "1-0"]
[WhiteElo "2282"]
[BlackElo "2163"]

1.e4 c5 2.Nf3 a6 3.Nc3 e6 4.d4 cxd4 5.Nxd4 Nc6 6.Be3 Qc7 7.f4 d6 8.Qf3 Nf6
9.O-O-O Be7 10.Rg1 Nxd4 11.Bxd4 e5 12.fxe5 dxe5 13.Qg3 O-O 14.Bxe5 Qc5 15.Bd4 Qa5
16.Nd5 Qd8 17.Be2 Be6 18.Nb6 Qe8 19.Nxa8 Qxa8 20.Rgf1 Ne8 21.Kb1 Qc8 22.Qc3 Qb8
23.Be5 Qa7 24.Bc4 Qb6 25.Bd4 Qc6 26.Bd5 Bxd5 27.exd5 Qd7 28.Rfe1 f6 29.Qe3 Bd6
30.Qe6+ Qf7 31.g3 g6 32.a3 Kg7 33.Qxf7+ Kxf7 34.c4 Ng7 35.c5 Bc7 36.Bc3 h5
37.Re4 Nf5 38.d6 Bb8 39.Ba5  1-0

[Event "Open"]
[Site "Condom FRA"]
[Date "2005.07.09"]
[Round "1"]
[White "Le Hetet,N"]
[Black "Meijers,V"]
[Result "0-1"]
[WhiteElo "2109"]
[BlackElo "2479"]

1.e4 c5 2.Nf3 e6 3.d4 cxd4 4.Nxd4 a6 5.Nc3 b5 6.Bd3 Bb7 7.O-O Nf6 8.a3 Qb6
9.Nb3 Qc7 10.f4 d6 11.Qe1 Nbd7 12.Qg3 h5 13.h3 h4 14.Qf2 Nc5 15.Nxc5 dxc5
16.Re1 c4 17.Bf1 Be7 18.Bd2 Nh5 19.e5 Ng3 20.Kh2 Rh6 21.Be2 Nf5 22.Bf3 Bc5
23.Qe2 Ng3 24.Qd1 Rd8 25.Ne4 Bxe4 26.Bxe4 Bf2 27.Bf3 g5 28.fxg5 Rg6 29.Qc1 Bxe1
30.Qxe1 Rxd2 31.Qxd2 Qxe5 32.Kg1 Rxg5 33.Rd1 Kf8 34.b4 Kg7 35.Re1 Qf6 36.Qd6 Qxf3  0-1

[Event "Open A"]
[Site "Klatovy CZE"]
[Date "2005.07.10"]
[Round "9"]
[White "Pirklova,H"]
[Black "Forman,M"]
[Result "1/2-1/2"]
[WhiteElo "2121"]
[BlackElo "2048"]

1.e4 c5 2.Nf3 e6 3.d4 cxd4 4.Nxd4 a6 5.Nc3 d6 6.a4 b6 7.Be2 Bb7 8.Bf3 Nd7
9.O-O Ngf6 10.g3 Be7 11.Bg2 Qc7 12.f4  1/2-1/2

[Event "DMP 1st League"]
[Site "Koszalin POL"]
[Date "2005.07.10"]
[Round "7"]
[White "Zapolski,K"]
[Black "Dubinski,M"]
[Result "1-0"]
[WhiteElo "2180"]
[BlackElo "2067"]

1.e4 c5 2.Nf3 e6 3.Nc3 a6 4.d4 cxd4 5.Nxd4 Nc6 6.Nxc6 bxc6 7.Bd3 d5 8.O-O Nf6
9.Qe2 Be7 10.b3 O-O 11.Bb2 Qc7 12.Kh1 Re8 13.Na4 dxe4 14.Bxe4 Nxe4 15.Qxe4 Bb7
16.Qg4 Bf8 17.Nc5 Kh8 18.Nxb7 Qxb7 19.Rad1 Rad8 20.Qe4 Rd7 21.Rd3 Rxd3 22.Qxd3 Qc8
23.Qf3 f6 24.h4 Rd8 25.h5 e5 26.h6 Qd7 27.Bc3 Qd5 28.hxg7+ Bxg7 29.Qg4 Bh6
30.Qc4 Qxc4 31.bxc4 Rg8 32.f3 Be3 33.Rd1 Rg5 34.g4 h5 35.Rd6 hxg4 36.Kg2 gxf3+
37.Kxf3 Bd4 38.Bxd4 exd4 39.Rxc6 Ra5 40.Ke4 Rxa2 41.Rxf6 Rxc2 42.Kxd4 Kg7
43.Rxa6 Kf7 44.Kd5 Ke7 45.c5 Kd7 46.Ra7+ Kc8 47.Kc6 Kb8 48.Rb7+ Kc8 49.Rh7 Kb8
50.Rh8+ Ka7 51.Rd8 Rh2 52.Kc7 Rh7+ 53.Rd7 Rh6 54.c6 Rg6 55.Rd6 Rg7+ 56.Kc8 Rg8+
57.Rd8 Rg6 58.c7 Rg7 59.Rd1 Rg8+ 60.Kd7 Rg7+ 61.Kc6 Rg6+ 62.Rd6 Rg5 63.c8=Q Rc5+
64.Kd7  1-0

[Event "16th Open"]
[Site "Ljubljana SLO"]
[Date "2005.07.10"]
[Round "2"]
[White "Bratko,I"]
[Black "Ushenina,A"]
[Result "0-1"]
[WhiteElo "2135"]
[BlackElo "2389"]

1.e4 c5 2.Nf3 e6 3.d4 cxd4 4.Nxd4 a6 5.Nc3 b5 6.g3 Bb7 7.Bg2 b4 8.Na4 Qa5
9.b3 Nc6 10.Qe2 Nf6 11.Bb2 Nxd4 12.Bxd4 e5 13.Bb2 Bc6 14.Qe3 Bxa4 15.bxa4 Bc5
16.Qg5 O-O 17.Qxe5 Bxf2+ 18.Ke2 Qxa4 19.Qd6 Qxc2+ 20.Qd2 Rac8 21.Rac1 Qxd2+
22.Kxd2 Ng4 23.Kd3 Bb6 24.Ke2 Be3 25.Rxc8 Rxc8 26.Bf3 Rc2+ 27.Kd3 Rd2+ 28.Kc4 Nxh2
29.Re1 Bg5  0-1

[Event "inAUTOmarket Open"]
[Site "Minsk BLR"]
[Date "2005.07.10"]
[Round "1"]
[White "Zhigalko,A"]
[Black "Kutsankov,V"]
[Result "1/2-1/2"]
[WhiteElo "2526"]
[BlackElo "2215"]

1.e4 c5 2.Nf3 e6 3.d4 cxd4 4.Nxd4 a6 5.Nc3 Qc7 6.Bd3 Nf6 7.Qe2 Bd6 8.Bd2 Nc6
9.Nf3 O-O 10.O-O Ng4 11.h3 Nge5 12.Nxe5 Nxe5 13.f4 Nxd3 14.cxd3 b5 15.Rac1 Bb7
16.f5 f6 17.Kh1 Qd8 18.Qg4 Qe7 19.Ne2 Be5 20.Nf4 exf5 21.exf5 Bxf4 22.Bxf4 Rfe8
23.Rc7 Bc6 24.Rc1 Qe2 25.Qg3 Re7 26.d4 Rae8 27.Kh2 Qxb2 28.d5 Bxd5 29.R1c2 Qd4
30.Rd2 Qe4 31.Bd6 Rf7 32.Rc5 Bc4 33.a4 g6 34.fxg6 hxg6 35.Rd4 Qb1 36.axb5 axb5
37.Rd1 Qe4 38.Rd4 Qb1 39.Rd1 Qe4 40.Rd4 Qb1 41.Rd1 Qc2 42.Rd2 Qe4  1/2-1/2

[Event "27th Open"]
[Site "Oberwart AUT"]
[Date "2005.07.10"]
[Round "2"]
[White "Guthrie,A"]
[Black "Stanec,N"]
[Result "0-1"]
[WhiteElo "2254"]
[BlackElo "2566"]

1.e4 c5 2.Nf3 e6 3.d4 cxd4 4.Nxd4 a6 5.Nc3 Qc7 6.g3 Nf6 7.Bg2 d6 8.O-O Be7
9.Be3 O-O 10.a4 Nc6 11.Bh1 Na5 12.f4 Nc4 13.Bc1 Rd8 14.Qe2 Nb6 15.e5 dxe5
16.fxe5 Ne8 17.Be3 Nc4 18.Nc6 bxc6 19.Qxc4 Rb8 20.Qf4 f5 21.exf6 Bxf6 22.Ne4 Qxf4
23.Bxf4 Rxb2 24.Nxf6+ gxf6 25.Rad1 Rxd1 26.Rxd1 e5 27.Rd8 Rb1+  0-1

[Event "ch-Paris Open"]
[Site "Paris FRA"]
[Date "2005.07.10"]
[Round "2"]
[White "Romieux,S"]
[Black "Gozzoli,Y"]
[Result "0-1"]
[WhiteElo "2238"]
[BlackElo "2444"]

1.e4 c5 2.Nf3 e6 3.d4 cxd4 4.Nxd4 a6 5.Nc3 b5 6.Bd3 d6 7.O-O Nf6 8.f4 Be7
9.Kh1 Qc7 10.Qe1 Nbd7 11.a4 b4 12.Nce2 Bb7 13.Ng3 h5 14.Rf3 Nc5 15.Re3 h4
16.Nf1 h3 17.Bd2 hxg2+ 18.Kxg2 Nfxe4 19.Bxe4 Nxe4 20.Rxe4 f5 21.Ng3 fxe4
22.Qe3 Bf6 23.Nxe6 Qxc2 24.Rc1 Qxd2+  0-1

[Event "16th Open"]
[Site "Ljubljana SLO"]
[Date "2005.07.11"]
[Round "4"]
[White "Bratko,I"]
[Black "Fucak,E"]
[Result "1/2-1/2"]
[WhiteElo "2135"]
[BlackElo "2302"]

1.e4 c5 2.Nf3 e6 3.d4 cxd4 4.Nxd4 a6 5.Nc3 Qc7 6.g3 b5 7.Bg2 b4 8.Nd5 exd5
9.exd5 d6 10.O-O Be7 11.Re1 Nf6 12.Qe2 Ra7 13.Bd2 O-O 14.Bxb4 Qb6 15.Qd2 a5
16.Bc3 Bd8 17.a4 Bd7 18.Ra3 Re8 19.Rxe8+ Nxe8 20.Nc6 Bxc6 21.Bd4 Bd7 22.Bxb6 Bxb6
23.Rb3 Bc7 24.Bf1 Bxa4 25.Qe3 Ra8 26.Bb5 Bxb5 27.Rxb5 Na6 28.Qe7 Nc5 29.b3 Rc8
30.c3 Nf6 31.b4 Nxd5 32.Qe1 Nd3 33.Qe4 N3xb4 34.Rxb4 Nxb4 35.Qb7 Rf8 36.Qxc7 Nd5
37.Qxd6 Nf6 38.h3  1/2-1/2

[Event "DMP 1st League"]
[Site "Koszalin POL"]
[Date "2005.07.12"]
[Round "10"]
[White "Adamowicz,K"]
[Black "Wieczorek,O"]
[Result "0-1"]
[WhiteElo "1885"]
[BlackElo "2033"]

1.e4 c5 2.Nf3 e6 3.d4 cxd4 4.Nxd4 a6 5.Nc3 Qc7 6.g3 Nc6 7.Bg2 d6 8.O-O Bd7
9.Re1 Nf6 10.Bg5 Be7 11.Nxc6 Bxc6 12.a4 O-O 13.a5 Rac8 14.Qe2 h6 15.Be3 Nd7
16.f4 Bf6 17.Qd2 Rfd8 18.Bd4 Bxd4+ 19.Qxd4 Nc5 20.f5 Qe7 21.Rf1 Nd7 22.Rf2 Nf6
23.Raf1 e5 24.Qd2 Qc7 25.Ra1 b5 26.Qe1 Qb7 27.Re2 Re8 28.Rd1 Rcd8 29.b3 d5
30.exd5 Nxd5 31.Nxd5 Bxd5 32.Rxe5 Qa7+ 33.Qe3 Qxe3+ 34.Rxe3 Rxe3 35.Rxd5 Rxd5
36.Bxd5 b4 37.Bc4 Re5 38.Bxa6 Rxf5 39.Bd3 Rxa5 40.Kf2 Re5 41.Bc4 Kf8 42.Kf3 Ke7
43.Bd3 Kd6 44.Bc4 f6 45.Bd3 Kd5 46.h4 g5 47.hxg5 hxg5 48.g4 Kd4 49.Kf2 Re3
50.Bf5 Re5 51.Bd3 Kc3 52.Kf1 Kd2 53.Kf2 Re3 54.Bf5 Rc3 55.Be4 Rxc2 56.Bd5 Rc3  0-1

[Event "DMP 1st League"]
[Site "Koszalin POL"]
[Date "2005.07.12"]
[Round "10"]
[White "Gumula,D"]
[Black "Luch,M"]
[Result "1/2-1/2"]
[WhiteElo "2287"]
[BlackElo "2414"]

1.e4 c5 2.Nf3 e6 3.d4 cxd4 4.Nxd4 a6 5.Nc3 b5 6.Bd3 Qb6 7.Nf3 d6 8.O-O Nd7
9.Be3 Qc7 10.a4 b4 11.Na2 Ngf6 12.Re1 Rb8 13.Bd2 a5 14.Bb5 Bb7 15.c3 b3 16.Nc1 Nxe4
17.Bf4 Nxc3 18.bxc3 b2 19.Rb1 bxc1=Q 20.Rxc1 Bxf3 21.Qxf3 Be7 22.Qg3 O-O
23.Rcd1 e5 24.Bh6 Bf6 25.Re4 Kh8 26.Bg5 Bxg5 27.Qxg5 Nf6 28.Rc4 Qe7 29.Rg4 g6
30.Rh4 Ng8 31.Qxe7 Nxe7 32.Rc4 Rfc8 33.Rxd6 Rxc4 34.Bxc4 Rb1+ 35.Bf1 Nf5
36.Rd2 e4 37.Re2 Nd6 38.g3 Ra1 39.Rd2 Nc4 40.Rd4 Nb2 41.Rxe4 Nxa4 42.c4 Nb2
43.c5 Rc1 44.Re2 Nd3 45.Ra2 Nxc5 46.Rxa5 Ne4 47.Ra2 Kg7  1/2-1/2

[Event "57th ch-Montenegro"]
[Site "Cetinje SCG"]
[Date "2005.07.14"]
[Round "7"]
[White "Rmus,A"]
[Black "Brajovic,R"]
[Result "1/2-1/2"]
[WhiteElo "2429"]
[BlackElo "2296"]

1.e4 c5 2.Nc3 e6 3.Nf3 a6 4.d4 cxd4 5.Nxd4 Qc7 6.Be3 b5 7.Bd3 Bb7 8.f4 Nf6
9.Qf3 b4 10.Nce2 d6 11.g4 d5 12.e5 Ne4 13.Ng3 Nc5 14.O-O Nbd7 15.Rac1 g6  1/2-1/2